| 000 | 00653nam a22001577a 4500 | ||
|---|---|---|---|
| 003 | OSt | ||
| 005 | 20151231095506.0 | ||
| 008 | 151231b xxu||||| |||| 00| 0 eng d | ||
| 040 | _cRUA | ||
| 082 | _aLMA PEN 2007 B295 Or.1 | ||
| 100 |
_95836 _aPEN, RATANA. |
||
| 245 | _astudy on urban land use planning in khan meanchey, phnom penh (ការសិក្សាអំពីការរៀបចំផែនការប្រើប្រាស់ដីធ្លីទីប្រជុំជន ខណ្ណមានជ័យ ក្រុងភ្នំពេញ) | ||
| 260 |
_aPhnom Penh _bRUA _c2007 |
||
| 300 |
_ax, 60p. _bill. _c29cm. |
||
| 942 |
_2ddc _cLMA |
||
| 999 |
_c5435 _d5435 |
||